| 000 | 00936nam a2200253 a 4500 | ||
|---|---|---|---|
| 001 | BRL_1112 | ||
| 005 | 20190320211035.0 | ||
| 008 | 121113s1986----mx-#######---#000-0#spa-# | ||
| 020 | _a9681200411 | ||
| 041 | _aspa | ||
| 044 | _amx | ||
| 050 | 4 |
_aPQ7289 _b.C67 1986 |
|
| 245 | 1 | 0 |
_aCancionero folklórico de México _ctextos recopilados y editados por investigadores del Centro de Estudios Lingüísticos y Literarios de El Colegio de Meìxico, bajo la dirección de Margit Frenk Alatorre. |
| 260 |
_aMéxico _bEl Colegio de México _c1986 |
||
| 300 |
_av. _c28 cm. |
||
| 500 | _av.1 Au1281 | ||
| 500 | _aLa bibloteca cuenta solo con el volumen 1 | ||
| 505 | 0 | _aContenido: v. 1. Coplas de amor feliz | |
| 650 | 1 | 4 |
_aCanciones folklóricas mexicanas _925822 |
| 700 | 1 |
_aFrenk Alatorre, Margit _921298 |
|
| 710 | 2 |
_aEl Colegio de México _bCentro de Estudios Lingüísticos y Literarios _925823 |
|
| 902 | _aGRL | ||
| 942 |
_2lcc _cB |
||
| 999 |
_c9924 _d9924 |
||